| 000 | 00418nam a2200157Ia 4500 | ||
|---|---|---|---|
| 008 | 230312s9999||||xx |||||||||||||| ||und|| | ||
| 020 | _a0-538-70335-0 | ||
| 082 |
_a651.53 _bKAL |
||
| 100 | _aKallaus | ||
| 245 | 0 | _aRecords Management | |
| 260 |
_bSOUTH-WESTERN _aUSA _c1992 |
||
| 300 | _a374 | ||
| 546 | _aEng. | ||
| 650 |
_aManagement _vField of Records Management, Alphabetical storage and Retrieval |
||
| 942 | _cBK | ||
| 999 |
_c1264 _d1264 |
||